000 00294nam a2200097Ia 4500
008 240331s9999 xx 000 0 und d
082 _a303.6
_bGUN
100 _aGunawardana, R.A.L.H.
245 0 _aHistoriography in a time of conflict :
_bconstruction of thepast incontemporary Sri Lanka
942 _cL
999 _c1266
_d1266